| 000 | 00407nam a22001217a 4500 | ||
|---|---|---|---|
| 082 | _aTHE 200 | ||
| 100 |
_aMUHAMMAD USMAN AKRAM, _929464 |
||
| 245 | _aTH-SOF-0762-RETINAL IMAGE ANALYSIS AND HYBRID CLASSIFIER FOR SCREENING OF DIABETIC RETINOPATHY | ||
| 260 |
_aNUST COLLEGE OF EME _bISLAMABAD _c2016 |
||
| 650 |
_aPHD COMPUTER ENGINEERING PHDTHESIS _972567 |
||
| 700 |
_aDR SHOAB A KHAN _918474 |
||
| 942 | _cBK | ||
| 999 |
_c578784 _d578784 |
||